| 000 | 00397nam a22001337a 4500 | ||
|---|---|---|---|
| 003 | SGT | ||
| 082 |
_a617.6342 _bA18M |
||
| 100 | _aMAGGO, SHALLU | ||
| 245 | _aAN IN-VIVO COMPARISON OF THE ANTIBACTERIAL EFFICACY OF HERBAL IRRIGANT AGAINST 2.5% SODIUM HYPOCHLORITE | ||
| 260 |
_aDELHI NCR _bSGT UNIVERSITY GURUGRAM _c2017 |
||
| 300 | _a1-70 | ||
| 650 | _aCONSERVATIVE DENTISTRY | ||
| 942 |
_2ddc _cTH |
||
| 999 |
_c16042 _d16042 |
||